000 01141namaa2200349 i 4500
003 EG-GICUC
005 20251109123959.0
008 251109s1978 nyu||||gr|||| 001 0 eng d
020 _a0231043104
020 _a9780231043106
040 _aEG-GiCUC
_beng
_cEG-GiCUC
_dEG-GiCUC
_erda
082 0 4 _221
_a809.912
_bB6239
092 0 4 _221
_a809.912
_bB6239
099 _a809.912 B6239
100 1 _aBisztray, George,
_d1938-2012
_eAuthor.
245 1 0 _aMarxist models of literary realism /
_cby George Bisztray.
264 _aNew York :
_bColumbia University Press,
_c1978.
300 _avi, 247 pages ;
_c22 cm.
336 _2rdacontent
_atext
337 _2rdamedia
_aUnmediated
338 _2rdacarrier
_avolume
500 _aA revision of the author's thesis, University of Minnesota, 1972.
500 _aIncludes index.
504 _aBibliography: p. [229]-240.
541 _aDr. Jabir Usfour ;
_bCairo ;
_cGift ;
_d2024.
650 1 _aSocialist realism in literature.
_2qrmak
650 1 _aRealism in literature.
650 1 _aCommunism and literature.
651 1 _2qrmak
905 _aAsmaa
942 _2ddc
_cBK
_e21
_n0
999 _c175656
_d175656